Pierre Garnier - Contrôle [paroles] - Statistiques

Statistiques générales
  • Ce quiz a été pris 26 fois
  • Le résultat moyen est 60 sur 83
Statistiques - réponses
Réponse % Correct
a
100%
elle
95%
le
89%
que
89%
ce
84%
contrôle
84%
contrôle)
84%
est
84%
et
84%
fait
84%
jamais
84%
la
84%
lâche
84%
(lâche
84%
les
84%
qui
84%
autres
79%
c’qu’elle
79%
de
79%
lui
79%
n’a
79%
on
79%
plaît
79%
qu’elle
79%
qu’on
79%
sa
79%
sans
79%
ait
74%
besoin
74%
c’est
74%
change
74%
codes
74%
d’être
74%
entière
74%
éteindre
74%
façon
74%
j’aime
74%
je
74%
manière
74%
mon
74%
(pas
74%
pas
74%
premier
74%
quand
74%
rôle
74%
se
74%
son
74%
veut
74%
attend
68%
ça
68%
corps
68%
emporte
68%
frôlent
68%
hey
68%
j’crois
68%
l’aide
68%
l’aide)
68%
me
68%
n’attends
68%
ne
68%
nos
68%
nous
68%
personne
68%
sais
68%
si
68%
ailleurs
63%
avec
63%
différente
63%
(différente)
63%
j’fais
63%
l’on
63%
propre
63%
raison
63%
s’accorde
63%
s’emprisonne
63%
caractère
58%
fonctionne
58%
j’abandonne
58%
s’entend
58%
ses
58%
repère
53%
poèmes
42%
réalise
37%
Aucun quiz correspondant
Distribution des résultats
% des personnes avec chaque résultat
Percentile par nombre de réponses
Votre historique - résultats
Vous n’avez pas pris ce quiz